Catholic University of Zimbabwe Library
Online Public Access Catalogue
(OPAC)

Nineteenth-Century China (Record no. 27112)

MARC details
000 -LEADER
fixed length control field 01475cam a22003854a 4500
001 - CONTROL NUMBER
control field muse91953
003 - CONTROL NUMBER IDENTIFIER
control field MdBmJHUP
005 - DATE AND TIME OF LATEST TRANSACTION
control field 20210127151818.0
006 - FIXED-LENGTH DATA ELEMENTS--ADDITIONAL MATERIAL CHARACTERISTICS
fixed length control field m o d
007 - PHYSICAL DESCRIPTION FIXED FIELD--GENERAL INFORMATION
fixed length control field cr||||||||nn|n
008 - FIXED-LENGTH DATA ELEMENTS--GENERAL INFORMATION
fixed length control field 940412s1993 pn o 00 0 spa d
010 ## - LIBRARY OF CONGRESS CONTROL NUMBER
Canceled/invalid LC control number 94144556
020 ## - INTERNATIONAL STANDARD BOOK NUMBER
International Standard Book Number 9780472901364
020 ## - INTERNATIONAL STANDARD BOOK NUMBER
Canceled/invalid ISBN 9780892640133
035 ## - SYSTEM CONTROL NUMBER
System control number (OCoLC)1193105917
040 ## - CATALOGING SOURCE
Original cataloging agency MdBmJHUP
Transcribing agency MdBmJHUP
050 04 - LIBRARY OF CONGRESS CALL NUMBER
Classification number PQ7529.2.P27
Item number D84 1993
100 1# - MAIN ENTRY--PERSONAL NAME
Personal name Paredes Villegas, Antonio,
Dates associated with a name 1944-
245 13 - TITLE STATEMENT
Title Nineteenth-Century China
Remainder of title Five Imperialist Perspectives /
Statement of responsibility, etc. Antonio Paredes Villegas.
250 ## - EDITION STATEMENT
Edition statement 1. ed.
264 #1 - PRODUCTION, PUBLICATION, DISTRIBUTION, MANUFACTURE, AND COPYRIGHT NOTICE
Name of producer, publisher, distributor, manufacturer Instituto Nacional de cultura, Dirección Nacional de Extensión Cultural, Departamento de Letras,
264 #3 - PRODUCTION, PUBLICATION, DISTRIBUTION, MANUFACTURE, AND COPYRIGHT NOTICE
Name of producer, publisher, distributor, manufacturer Project MUSE,
300 ## - PHYSICAL DESCRIPTION
Extent 1 online resource (113 p.)
500 ## - GENERAL NOTE
General note De orquídeas y de tigres -- Leyendas del mestizaje -- El duende -- La refrigeradora -- La negrita -- El Mercedes --Temprano por la mañana.
506 0# - RESTRICTIONS ON ACCESS NOTE
Terms governing access Open Access
Standardized terminology for access restriction Unrestricted online access
Source of term star
588 ## - SOURCE OF DESCRIPTION NOTE
Source of description note Description based on print version record.
655 #7 - INDEX TERM--GENRE/FORM
Genre/form data or focus term Electronic books.
Source of term local
710 2# - ADDED ENTRY--CORPORATE NAME
Corporate name or jurisdiction name as entry element Project Muse.
Relator term distributor
830 #0 - SERIES ADDED ENTRY--UNIFORM TITLE
Uniform title Book collections on Project MUSE.
856 40 - ELECTRONIC LOCATION AND ACCESS
Public note Full text available:
Uniform Resource Identifier <a href="https://muse.jhu.edu/book/77773/">https://muse.jhu.edu/book/77773/</a>
Holdings
Withdrawn status Lost status Source of classification or shelving scheme Damaged status Not for loan Home library Current library Shelving location Date acquired Total Checkouts Full call number Date last seen Uniform Resource Identifier Price effective from Koha item type
          Digital Library Digital Library Online Access 27.01.2021   PQ7529.2.P27 D84 1993 27.01.2021 https://muse.jhu.edu/book/77773/ 27.01.2021 eBook

OPENING HOURS

Weekdays: 0815hrs - 1800hrs
Weekends:0900hrs - 1200hrs

Closed for Mass:

Mon, Thur: 1200hrs - 1300hrs
Sunday & Public Holiday’s

CALL SUPPORT

0242-570570, 0242-570169
09200664, +263 8644140602

LOCATION

18443, Cranborne Avenue, Hatfield, Harare

Other Links


©2021 | CUZ Library